Načítá se...

Public administration for the UPSC civil services preliminary examination /

Podrobná bibliografie
Hlavní autor: Laxmikanth, M.
Médium: Printed Book
Jazyk:English
Vydáno: New Delhi : Tata McGraw-Hill, 2002.
Témata:
LEADER 01010nam a2200193Ia 4500
008 150624b xxu||||| |||| 00| 0 eng d
020 |a 0070474451 
020 |a 70474451 
082 |a 351.076CS 
100 |a Laxmikanth, M. 
245 |a Public administration for the UPSC civil services preliminary examination /  |c M. Laxmikanth 
260 |a New Delhi :  |b Tata McGraw-Hill,  |c 2002. 
300 |a 764 p. 
505 |a 1. Basic concepts and principles 2. Theories of administration 3. Administrative behaviour 4. Accountability and control 5. Administrative systems 6. Personnel administration 7. Financial administration 8. Union Government and administration in Ind 
650 |a Civil service--Examinations 
942 |c REF 
999 |c 53570  |d 53570 
952 |0 0  |1 0  |2 ddc  |4 0  |6 351_000000000000000_076CS_LAX_P_C  |7 0  |9 53548  |a UL  |b UL  |c REF  |d 2012-10-27  |o 351.076CS LAX/P C  |p 76854  |r 2012-10-27  |y REF 
952 |0 0  |1 0  |4 0  |6 351_076351000000000_LAX_P_C  |7 0  |9 120500  |a UL  |b UL  |c REF  |d 2017-01-30  |l 0  |o 351.076351 LAX/P C  |r 2017-01-30  |y REF